The Pacific basin : an introduction

Bibliographic Details
Published in:The history of cartography, J.B. Harley and David Woodward, Chicago [etc.], p. 419-422 (3)
Main Author: Finney, Ben
Content type: Article
Published: 1998
Source:MPIPL_cat
_version_ 1863687011938861058
author Finney, Ben
author_facet Finney, Ben
author_search Finney, Ben
author_sort Finney, Ben
author_variant b f bf
collection_details MPIPL
container_reference p. 419-422
container_start_page 419
container_title Cartography in the traditional African, American, Arctic, Australian and Pacific Societies. vol. 2. 3
dedup_id_str MPIPL_cat.PL0086652
dewey-hierarchy 0/[Unassigned]/
dewey-hierarchy_str 0/[Unassigned]/
first_indexed 2026-03-14T00:40:31Z
format 0/Artikel/
format_str 0/Artikel/
fullrecord <?xml version="1.0" encoding="UTF-8"?> <collection xmlns:xsi="http://www.w3.org/2001/XMLSchema-instance" xsi:schemaLocation="http://www.loc.gov/MARC21/slim http://www.loc.gov/standards/marcxml/schema/MARC21slim.xsd" xmlns="http://www.loc.gov/MARC21/slim"> <record> <leader>00000caa a2200000 u 4500</leader> <controlfield tag="001">PL0086652</controlfield> <controlfield tag="003">PLI01000000000000000084362</controlfield> <controlfield tag="005">00000000000000.0</controlfield> <controlfield tag="008"> ||| u </controlfield> <datafield tag="100" ind1="1" ind2=" "> <subfield code="a">Finney, Ben</subfield> </datafield> <datafield tag="245" ind1="0" ind2="4"> <subfield code="a">The Pacific basin</subfield> <subfield code="b">an introduction</subfield> <subfield code="c">Ben Finney</subfield> </datafield> <datafield tag="260" ind1=" " ind2=" "> <subfield code="c">1998</subfield> </datafield> <datafield tag="952" ind1=" " ind2=" "> <subfield code="h">p. 419-422</subfield> </datafield> <datafield tag="996" ind1=" " ind2=" "> <subfield code="a">Aufsatz</subfield> </datafield> <datafield tag="997" ind1=" " ind2=" "> <subfield code="a">book chapter</subfield> </datafield> <datafield tag="773" ind1="0" ind2="8"> <subfield code="t">The history of cartography</subfield> <subfield code="a">J.B. Harley and David Woodward</subfield> <subfield code="k">3</subfield> <subfield code="d">Chicago [etc.]</subfield> <subfield code="g">p. 419-422</subfield> <subfield code="w">MPIPL_cat.PL0086269</subfield> <subfield code="z">0-226-90728-7</subfield> <subfield code="i">In:</subfield> </datafield> </record> </collection>
hierarchy_parent_id MPIPL_cat.PL0086269
hierarchy_parent_title Cartography in the traditional African, American, Arctic, Australian and Pacific Societies. vol. 2. 3
id MPIPL_cat.PL0086652
illustrated Not Illustrated
institution MPIPL_cat
institution_str MPIPL_cat
isbn 9780226907284
0-226-90728-7
language und
language_str und
last_indexed 2026-04-27T23:42:00Z
local_fields Aufsatz
online false
online_MPIPL_cat false
online_str false
publishDate 1998
publishDate_str 1998
record_format marc
spelling Finney, Ben
The Pacific basin
an introduction
Ben Finney
1998
The history of cartography
J.B. Harley and David Woodward
3
Chicago [etc.]
p. 419-422
0-226-90728-7
In
spellingShingle Finney, Ben
The Pacific basin : an introduction
title The Pacific basin : an introduction
title_full The Pacific basin an introduction Ben Finney
title_fullStr The Pacific basin an introduction Ben Finney
title_full_unstemmed The Pacific basin an introduction Ben Finney
title_search The Pacific basin an introduction
title_short The Pacific basin
title_sort pacific basin an introduction ben finney
title_sub an introduction